Novelas de Hércules Poirot en español (Agatha Christie) - Estadísticas

Estadísticas generales
  • Esta prueba ha sido intentada 8 veces
  • La puntuación promedio es 10 de 33
Estadísticas de respuestas
Hint Respuesta % Correcto
1934 Asesinato en el Orient Express
100%
1937 Muerte en el Nilo
100%
1969 Las manzanas
71%
1936 Asesinato en Mesopotamia
57%
1937 El testigo mudo
57%
1942 Cinco cerditos
43%
1936 El misterio de la guía de ferrocarriles
43%
1920 El misterioso caso de Styles
43%
1940 La muerte visita al dentista
43%
1972 Los elefantes pueden recordar
43%
1941 Maldad bajo el sol
43%
1923 Asesinato en el campo de golf
29%
1938 Cita con la muerte
29%
1928 El misterio del tren azul
29%
1952 La señora McGinty ha muerto
29%
1927 Los cuatro grandes
29%
1939 Navidades trágicas
29%
1946 Sangre en la piscina
29%
1975 Telón
29%
1936 Cartas sobre la mesa
14%
1953 Después del funeral
14%
1926 El asesinato de Roger Ackroyd
14%
1933 La muerte de Lord Edgware
14%
1963 Los relojes
14%
1935 Muerte en las nubes
14%
1932 Peligro inminente
14%
1948 Pleamares de la vida
14%
1935 Tragedia en tres actos
14%
1959 Un gato en el palomar
14%
1940 Un triste ciprés
14%
1955 Asesinato en la calle Hickory
0%
1956 El templete de Nasse-House
0%
1966 Tercera muchacha
0%
No se encontraron pruebas coincidentes
Distribución de puntuación
Porcentaje de gente con cada puntuación
Porcentaje por número respondido
Historial de tus puntuaciones
No has intentado esta prueba.